| 000 | 006730000a22002050004500 | ||
|---|---|---|---|
| 041 | 0 | _aSPA | |
| 082 | 0 | 4 | _aG 158.1 W1321s |
| 100 | 1 | _aWagner, Maurice E. | |
| 245 | 1 | 0 | _aLa sensación de ser alguien / Maurice E. Wagner ; David A. Cook, Traductor |
| 260 | _aMiami, FL., USA : Caribe | ||
| 300 | _a299 Pag. | ||
| 500 | _aTítulo original : The sensation of being somebody | ||
| 505 | 0 | 0 | _alo que somos -- como llegamos a ser lo que somos -- lo que podemos llegar a ser |
| 650 | 1 | 4 | _aAUTOPERCEPCION \ PSICOLOGIA PASTORAL |
| 001 | 665 | ||
| 942 | _cBK | ||
| 999 |
_c32147 _d32147 |
||
| 336 |
_atexto _btxt _2rdacontent |
||
| 337 |
_2rdamedia _asin mediación _bn |
||
| 338 |
_2rdacarrier _avolumen _bnc |
||